| 000 | 00356nam a22001577a 4500 | ||
|---|---|---|---|
| 003 | SGT | ||
| 020 | _a9788131255452 | ||
| 082 |
_a616.0707 _bS22S |
||
| 100 | _aSivapathasundharam, B> | ||
| 245 | _aShafer's Textbook of Oral Pathology | ||
| 250 | _a9th | ||
| 260 |
_bElsevier _c2022 |
||
| 300 | _a797 | ||
| 650 | _aOral Pathology | ||
| 942 |
_2ddc _cBK _0176 |
||
| 999 |
_c24892 _d24892 |
||